000 00306nam a22001337a 4500
008 170823b xxu||||| |||| 00| 0 eng d
020 _a9780534170943
041 _aeng
080 _a51
100 _a38
101 _aMAT
245 _aFOURIER ANALYSIS AND ITS APPLICATION
_cFOLLAND,G.B
942 _2udc
_cBK
999 _c24667
_d24667